000 01985nkm0a22003611 4500
001 RU\NLR\INFOCOMM_10\5000065981
005 20250806204732.0
035 _a(NLR Aleph) 010758069
090 _a78641
_c78641
100 _a20250806 rusy50
101 0 _arus
102 _aRU
116 _aiybxx xx zz
135 _acrcn 024apaba
200 1 _a[Бланк для письма с фронта]
_bИзоматериалы
_eвоинское
210 _a[Ленинград]
_cВоенторг ЛВО
_d[194?]
215 _a1 л., сложенный вдвое
_d20х15,5 (разв.)
300 _aЛозунг: "Смерть немецким оккупантам"
300 _aНа обороте рисунок черной краской: альпийский поход Суворова посередине в медальоне, опирающемся на пики, его портрет. Под ним надпись: "Воюют не числом, а уменьем". Наверху красным шрифтом: "Мы можем и должны очистить советскую землю от гитлеровской нечисти". (Сталин)
325 _aКопия доступна в Электрон. б-ке РНБ
606 1 0 _aБлокада Ленинграда
_z1941 - 1944
_2nlr_sh
_3RU\NLR\AUTH\661253360
801 1 _aRU
_binfocomm
_c20150324
801 0 _aRU
_bNLR
_gPSBO
852 _aNLR
_bЛ3-340
_j3/36
_pЛМ.329
856 0 _uhttp://vivaldi.nlr.ru/al000002589/view
856 1 _uhttp://vivaldi.nlr.ru/al000002589/cover
856 2 _uhttp://vivaldi.nlr.ru/al000002589/text
942 _cVISUAL
945 _aРоссийская национальная библиотека
980 _aBV
981 3 7 _a(37) Ленинград в Великой Отечественной войне
_b(37) Открытки блокадного Ленинграда
981 3 4 _a(34) Санкт-Петербург